| 000 | 00575nam a2200157 a 4500 | ||
|---|---|---|---|
| 008 | 120416s2010 ||||||||||||||||| || u | ||
| 050 | _aHC 915 | ||
| 110 | _aBank Of Zambia (BOZ) | ||
| 245 | 1 | 4 | _aThe BOZ reader: issues on the Zambian economy |
| 260 |
_aLusaka _bBank of Zambia (BOZ) _c17/11/2010 |
||
| 300 | _a2 | ||
| 350 | _a0.00 | ||
| 650 | 0 | _aECONOMIC DEVELOPMENT--ZAMBIA | |
| 650 | _aZAMBIA--SOCIAL CONDITIONS | ||
| 995 |
_D0.00 _FCBU-MAIN LIBRARY (Kitwe) _H1 _I0.00 _M2 _UAVAILABLE _WNov 17, 2010 _ZZambiana Collection |
||
| 999 |
_c36080 _d36080 |
||